|
|
|
|
| LEADER |
00000nta a2200000 i 4500 |
| 001 |
dolg30406 |
| 005 |
20210330131734.0 |
| 008 |
210330s2001 hu om 000 hun d |
| 040 |
|
|
|a BGE Dolgozattár Repozitórium
|b hun
|
| 041 |
|
|
|a hu
|
| 100 |
1 |
|
|a László Klaudia
|
| 245 |
1 |
0 |
|a HR vagy PR?
|b Kihívások és a két terület együttműködési lehetőségei az információtechnológiai szektorban
|c László Klaudia
|h [elektronikus dokumentum]
|
| 260 |
|
|
|c 2001
|
| 695 |
|
|
|a Public Relations
|
| 695 |
|
|
|a Human Resource
|
| 700 |
1 |
|
|a Nincs adat Nincs adat
|e ths
|
| 856 |
4 |
0 |
|u http://dolgozattar.uni-bge.hu/30406/1/DB_0190.pdf
|z Dokumentum-elérés
|